=LDR 00000nam 2200000 4500 =001 INLIS000000000022505 =005 20130612121245 =008 ***********************************Ind** =035 ##$$0010-061300000022505 =041 ##$$a Ind =082 ##$$a F rom D =090 ##$$a F rom D, Nug-p =100 ##$$a Nugroho, Donatus A =245 ##$$a Pizamore, Donatus A. Nugroho =260 ##$$a 2005 $b Bandung =300 ##$$a 182 hlm., 17 cm =650 ##$$a Fiksi dewasa =850 ##$$a NBPNMAT